The Competitive Advantage of Nations /

Guardat en:
Dades bibliogràfiques
Autor principal: Porter, Michael E. (autor)
Format: Llibre
Idioma:anglès
Publicat: Nueva York, EUA : Free Press, 1990, c1990
Etiquetes: Afegir etiqueta
Sense etiquetes, Sigues el primer a etiquetar aquest registre!

MARC

LEADER 00000nam^a2200000^a^4500
001 000427881
005 20250526000000.0
009 20260310122819.18
020 |a 0-02-925361-6 
037 |a Acervo ITESO - Biblioteca 
041 |a ING 
091 |a FHM. 03599 
100 |a Porter, Michael E.  |e (autor) 
245 1 4 |a The Competitive Advantage of Nations / 
264 4 |a Nueva York, EUA :  |b Free Press,  |c 1990, c1990 
300 |a XX, 855 p. ;  |c 24.5 cm. 
336 |a texto  |b txt  |2 rdacontenido 
337 |a sin mediación  |b n  |2 rdamedio 
338 |a volumen  |b nc  |2 rdasoporte 
649 |a XX 
910 |a Fondo Hugo B. Margáin 
920 |a Impresos - Libros 
930 |a Libros Antiguos y Raros 
905 |a 126 
901 |a 0500307537  |b IT2  |c LRA  |i D112312  |u 20250526 
902 |a https://opac.biblio.iteso.mx/vufind/Record/000427881